Stolice Ameryki Północnej - nagła śmierć - Statystyki

Ogólne statystyki
  • Ten quiz został rozwiązany 163 razy
  • Średni wynik to 9 z 14
Answers on the Grid
Answers color-coded by a green-red scale on the quiz's grid according to % correct below.
Acapulco
Belize City
Belmopan
Boston
Castries
Chicago
Guadalajara
Houston
Kingston
Kingstown
Meksyk
Nowy Jork
Ottawa
Panama
Phoenix
Port-of-Spain
Roseau
Saint John's
San Pedro Sula
San Salvador
Santo Domingo
Tegucigalpa
Toronto
Waszyngton
 
Statystyki odpowiedzi
Odpowiedź % Poprawnych
Ottawa
91%
Waszyngton
85%
Meksyk
83%
San Salvador
79%
Panama
75%
Santo Domingo
74%
Kingston
72%
Kingstown
62%
Port-of-Spain
60%
Tegucigalpa
60%
Roseau
57%
Saint John's
55%
Belmopan
49%
Castries
45%
Nie znaleziono quizów pasujących do podanych kryteriów
Rozkład punktacji
Procent ludzi z każdym wynikiem
Percentyl według liczby udzielonych odpowiedzi
Twoja historia wyników
Nie rozwiązałeś tego quizu